000 01157pam a2200373 ia4500
001 vtls000884716
003 PNM
005 20210117184342.0
008 190903s2020 my a j 000 1 may
015 _aM20-02642
020 _a9789670975788
_qset
020 _a9789670975863
_qpaperback
_cRM23.62
039 9 _a202005141640
_bsiti
_c202002261535
_dain
_c202002241452
_dain
_c201909042005
_dzuraidah_s
040 _aBNM
_beng
_cBNM
_erda
_dPPAK
049 _amal
082 0 4 _a899.2333
_223
090 0 0 _a899.2333
_bRUZ
_dK
100 0 _aRuzaini Ahmad,
_d1986-
_eauthor.
245 1 0 _aTELADAN BUAT AIMAN DAN VICKNESH /
_cRuzaini Ahmad
264 1 _aKuching, Sarawak :
_bANUGERAH PUBLICATIONS,
_c[2020?]
300 _a46 pages :
_bcolour illustrations ;
_c22 cm.
336 _atext
_2rdacontent
337 _aunmediated
_2rdamedia
338 _avolume
_2rdacarrier
490 1 _aTELADAN GENERASI BESTARI
650 1 0 _aChildren's stories, Malay
650 2 4 _aDidactic fiction, Malay
650 2 0 _aMalay fiction
830 0 _aTeladan generasi bestari
942 _2ddc
_cB
949 _62000712562
949 _62000712572
949 _62000712570
999 _c181255
_d181255